<?xml version="1.0" encoding="UTF-8"?>
<record
    xmlns:xsi="http://www.w3.org/2001/XMLSchema-instance"
    xsi:schemaLocation="http://www.loc.gov/MARC21/slim http://www.loc.gov/standards/marcxml/schema/MARC21slim.xsd"
    xmlns="http://www.loc.gov/MARC21/slim">

  <leader>02782nam a22004817a 4500</leader>
  <controlfield tag="001">161</controlfield>
  <controlfield tag="003">FISKH</controlfield>
  <controlfield tag="005">20241107154249.0</controlfield>
  <controlfield tag="008">230301b        cb ||||| |||| 00| 0 eng d</controlfield>
  <datafield tag="020" ind1=" " ind2=" ">
    <subfield code="a">9780141346816</subfield>
  </datafield>
  <datafield tag="040" ind1=" " ind2=" ">
    <subfield code="a">DLC</subfield>
    <subfield code="b">eng</subfield>
    <subfield code="c">DLC</subfield>
    <subfield code="d">BKX</subfield>
    <subfield code="d">BAKER</subfield>
    <subfield code="d">BTCTA</subfield>
    <subfield code="d">WIQ</subfield>
    <subfield code="d">EHH</subfield>
    <subfield code="d">LF8</subfield>
    <subfield code="d">YDXCP</subfield>
    <subfield code="d">FISKH</subfield>
  </datafield>
  <datafield tag="042" ind1=" " ind2=" ">
    <subfield code="a">lcac</subfield>
  </datafield>
  <datafield tag="049" ind1=" " ind2=" ">
    <subfield code="a">NOC0</subfield>
  </datafield>
  <datafield tag="050" ind1="0" ind2="0">
    <subfield code="a">PZ7.R4829</subfield>
    <subfield code="b">Tit 2007</subfield>
  </datafield>
  <datafield tag="082" ind1="0" ind2="0">
    <subfield code="a">813.6</subfield>
    <subfield code="2">22</subfield>
  </datafield>
  <datafield tag="099" ind1=" " ind2="9">
    <subfield code="a">J</subfield>
    <subfield code="a">Riordan</subfield>
  </datafield>
  <datafield tag="100" ind1="1" ind2=" ">
    <subfield code="a">Riordan, Rick.</subfield>
    <subfield code="0">https://id.loc.gov/authorities/names/no97039491.</subfield>
  </datafield>
  <datafield tag="245" ind1="1" ind2="4">
    <subfield code="a">The Titan's curse /</subfield>
    <subfield code="c">Rick Riordan.</subfield>
  </datafield>
  <datafield tag="250" ind1=" " ind2=" ">
    <subfield code="a">1st ed.</subfield>
  </datafield>
  <datafield tag="260" ind1=" " ind2=" ">
    <subfield code="a">New York</subfield>
    <subfield code="b">Miramax Books </subfield>
    <subfield code="b">Hyperion Books for Children</subfield>
    <subfield code="c">2007</subfield>
  </datafield>
  <datafield tag="300" ind1=" " ind2=" ">
    <subfield code="a">312 p.</subfield>
    <subfield code="c">20 cm.</subfield>
  </datafield>
  <datafield tag="336" ind1=" " ind2=" ">
    <subfield code="a">text</subfield>
    <subfield code="b">txt</subfield>
    <subfield code="2">rdacontent.</subfield>
  </datafield>
  <datafield tag="337" ind1=" " ind2=" ">
    <subfield code="a">unmediated</subfield>
    <subfield code="b">n</subfield>
    <subfield code="2">rdamedia.</subfield>
  </datafield>
  <datafield tag="338" ind1=" " ind2=" ">
    <subfield code="a">volume</subfield>
    <subfield code="b">nc</subfield>
    <subfield code="2">rdacarrier.</subfield>
  </datafield>
  <datafield tag="490" ind1="1" ind2=" ">
    <subfield code="a">Percy Jackson &amp; the Olympians ;</subfield>
    <subfield code="v">bk. 3.</subfield>
  </datafield>
  <datafield tag="500" ind1=" " ind2=" ">
    <subfield code="a">Later printings labeled as Disney/Hyperion due to company restructuring.</subfield>
  </datafield>
  <datafield tag="505" ind1=" " ind2=" ">
    <subfield code="a">M</subfield>
  </datafield>
  <datafield tag="520" ind1=" " ind2=" ">
    <subfield code="a">When the goddess Artemis disappears while hunting a rare, ancient monster, a group of her followers joins Percy and his friends in an attempt to find and rescue her before the winter solstice, when her influence is needed to sway the Olympian Council regarding the war with the Titans.</subfield>
  </datafield>
  <datafield tag="521" ind1="8" ind2=" ">
    <subfield code="a">630</subfield>
    <subfield code="b">Lexile</subfield>
  </datafield>
  <datafield tag="521" ind1="8" ind2=" ">
    <subfield code="a">M</subfield>
    <subfield code="b">Raz-Plus</subfield>
  </datafield>
  <datafield tag="600" ind1="0" ind2="0">
    <subfield code="a">Artemis</subfield>
    <subfield code="c">(Greek deity)</subfield>
    <subfield code="0">https://id.loc.gov/authorities/names/no2014110560</subfield>
    <subfield code="v">Juvenile fiction.</subfield>
    <subfield code="0">https://id.loc.gov/authorities/subjects/sh99001687.</subfield>
  </datafield>
  <datafield tag="650" ind1=" " ind2="0">
    <subfield code="a">Mythology, Greek</subfield>
    <subfield code="v">Juvenile fiction.</subfield>
    <subfield code="0">https://id.loc.gov/authorities/subjects/sh2010103041.</subfield>
  </datafield>
  <datafield tag="650" ind1=" " ind2="0">
    <subfield code="a">Animals, Mythical</subfield>
    <subfield code="v">Juvenile fiction.</subfield>
    <subfield code="0">https://id.loc.gov/authorities/subjects/sh2009114988.</subfield>
  </datafield>
  <datafield tag="650" ind1=" " ind2="0">
    <subfield code="a">Monsters</subfield>
    <subfield code="v">Juvenile fiction.</subfield>
    <subfield code="0">https://id.loc.gov/authorities/subjects/sh2008107936.</subfield>
  </datafield>
  <datafield tag="650" ind1=" " ind2="0">
    <subfield code="a">Titans (Mythology)</subfield>
    <subfield code="0">https://id.loc.gov/authorities/subjects/sh85135642</subfield>
    <subfield code="v">Juvenile fiction.</subfield>
    <subfield code="0">https://id.loc.gov/authorities/subjects/sh99001687.</subfield>
  </datafield>
  <datafield tag="650" ind1=" " ind2="1">
    <subfield code="a">Mythology, Greek</subfield>
    <subfield code="0">https://id.loc.gov/authorities/childrensSubjects/sj2021050983</subfield>
    <subfield code="v">Fiction.</subfield>
    <subfield code="0">https://id.loc.gov/authorities/childrensSubjects/sj2020050019.</subfield>
  </datafield>
  <datafield tag="650" ind1=" " ind2="1">
    <subfield code="a">Mythical animals</subfield>
    <subfield code="0">https://id.loc.gov/authorities/childrensSubjects/sj2002004227</subfield>
    <subfield code="v">Fiction.</subfield>
    <subfield code="0">https://id.loc.gov/authorities/childrensSubjects/sj2020050019.</subfield>
  </datafield>
  <datafield tag="650" ind1=" " ind2="1">
    <subfield code="a">Monsters</subfield>
    <subfield code="0">https://id.loc.gov/authorities/childrensSubjects/sj2021050219</subfield>
    <subfield code="v">Fiction.</subfield>
    <subfield code="0">https://id.loc.gov/authorities/childrensSubjects/sj2020050019.</subfield>
  </datafield>
  <datafield tag="650" ind1=" " ind2="1">
    <subfield code="a">Fantasy.</subfield>
    <subfield code="0">https://id.loc.gov/authorities/childrensSubjects/sj2001010209.</subfield>
  </datafield>
  <datafield tag="655" ind1=" " ind2="7">
    <subfield code="a">Fantasy fiction.</subfield>
    <subfield code="2">lcgft</subfield>
    <subfield code="0">https://id.loc.gov/authorities/genreForms/gf2014026333.</subfield>
  </datafield>
  <datafield tag="800" ind1="1" ind2=" ">
    <subfield code="a">Riordan, Rick.</subfield>
    <subfield code="t">Percy Jackson &amp; the Olympians ;</subfield>
    <subfield code="0">https://id.loc.gov/authorities/names/n2005061889</subfield>
    <subfield code="v">bk. 3.</subfield>
  </datafield>
  <datafield tag="942" ind1=" " ind2=" ">
    <subfield code="2">ddc</subfield>
    <subfield code="c">BK</subfield>
    <subfield code="n">0</subfield>
  </datafield>
  <datafield tag="999" ind1=" " ind2=" ">
    <subfield code="c">161</subfield>
    <subfield code="d">161</subfield>
  </datafield>
  <datafield tag="952" ind1=" " ind2=" ">
    <subfield code="0">0</subfield>
    <subfield code="1">0</subfield>
    <subfield code="2">ddc</subfield>
    <subfield code="4">0</subfield>
    <subfield code="7">0</subfield>
    <subfield code="8">JUVF</subfield>
    <subfield code="a">001</subfield>
    <subfield code="b">001</subfield>
    <subfield code="c">TK Yellow</subfield>
    <subfield code="d">2023-03-01</subfield>
    <subfield code="l">3</subfield>
    <subfield code="o">RIO 813.6 PZ7.R4829</subfield>
    <subfield code="p">FISTK05275</subfield>
    <subfield code="q">2026-04-17</subfield>
    <subfield code="r">2026-04-03 13:08:29</subfield>
    <subfield code="s">2026-04-03</subfield>
    <subfield code="t">1</subfield>
    <subfield code="w">2023-03-01</subfield>
    <subfield code="y">BK</subfield>
  </datafield>
  <datafield tag="952" ind1=" " ind2=" ">
    <subfield code="0">0</subfield>
    <subfield code="1">0</subfield>
    <subfield code="2">ddc</subfield>
    <subfield code="4">0</subfield>
    <subfield code="7">0</subfield>
    <subfield code="8">JUVF</subfield>
    <subfield code="a">002</subfield>
    <subfield code="b">002</subfield>
    <subfield code="c">TTP Yellow </subfield>
    <subfield code="d">2025-07-17</subfield>
    <subfield code="l">2</subfield>
    <subfield code="o">RIO 813.6 PZ7.R4829</subfield>
    <subfield code="p">FISSE02355</subfield>
    <subfield code="r">2025-10-08 10:39:47</subfield>
    <subfield code="s">2025-09-17</subfield>
    <subfield code="t">2</subfield>
    <subfield code="w">2025-07-17</subfield>
    <subfield code="y">BK</subfield>
  </datafield>
</record>
